000 00634nam a22001817a 4500
003 UA-OsUOA
001 15450
007 ta
008 20031111b un ||||| |||| 00| 0 ukr d
100 _aКуделя П.
942 _cSA
040 _aUA-OsUOA
_cUA-OsUOA
_dUA-OsUOA
245 _aВиваженість та історична достовірність - найкращі "помічники" в оцінці Волинських подій [1943-1944 рр.]
300 _aС.8
955 _a0
773 0 _w0
_tРівненський кооператор
_dРівне
_d2003
_g№27/4 лип./
650 7 _aВолинь
_2UDC
999 _c301615
_d301615